<?xml version="1.0" encoding="UTF-8"?>
<record
    xmlns:xsi="http://www.w3.org/2001/XMLSchema-instance"
    xsi:schemaLocation="http://www.loc.gov/MARC21/slim http://www.loc.gov/standards/marcxml/schema/MARC21slim.xsd"
    xmlns="http://www.loc.gov/MARC21/slim">

  <leader>03602nam a2200313 a 4500</leader>
  <controlfield tag="001">BRCA_5196</controlfield>
  <controlfield tag="005">20190320204959.0</controlfield>
  <controlfield tag="008">251110s1740----mx-######v---#000-0#spa-#</controlfield>
  <datafield tag="041" ind1=" " ind2=" ">
    <subfield code="a">spa</subfield>
  </datafield>
  <datafield tag="044" ind1=" " ind2=" ">
    <subfield code="a">mx</subfield>
  </datafield>
  <datafield tag="084" ind1=" " ind2=" ">
    <subfield code="a">DOC127</subfield>
    <subfield code="b">.M38</subfield>
    <subfield code="c">1740</subfield>
  </datafield>
  <datafield tag="100" ind1="1" ind2=" ">
    <subfield code="a">Mata, Phelipe Antonio de</subfield>
    <subfield code="c">Tesorero</subfield>
    <subfield code="9">13305</subfield>
  </datafield>
  <datafield tag="245" ind1="1" ind2="0">
    <subfield code="a">Cuenta y relaci&#xF3;n jurada que da Don Phelipe Antonio de Mata</subfield>
    <subfield code="c">Phelipe Antonio de Mata.</subfield>
  </datafield>
  <datafield tag="260" ind1=" " ind2=" ">
    <subfield code="a">M&#xE9;xico</subfield>
    <subfield code="c">1740</subfield>
  </datafield>
  <datafield tag="300" ind1=" " ind2=" ">
    <subfield code="a">[39] fojas</subfield>
    <subfield code="c">21 x 32 cm</subfield>
  </datafield>
  <datafield tag="500" ind1=" " ind2=" ">
    <subfield code="a">Documento fechado 1740</subfield>
  </datafield>
  <datafield tag="500" ind1=" " ind2=" ">
    <subfield code="a">Cuenta y relaci&#xF3;n jurada que da Don Phelipe Antonio de Mata, Tesorero Moyordomo de los propios y rentas de &#xE9;sta novilis&#xED;ma Ciudad a los se&#xF1;ores de cabildo y regimiento de ella de lo procedido de ellas y su distribuci&#xF3;n de un a&#xF1;o cumplido desde el primero de enero hasta el 31 de diciembre de 1740</subfield>
  </datafield>
  <datafield tag="500" ind1=" " ind2=" ">
    <subfield code="a">El documento contiene la leyenda DOC. #295</subfield>
  </datafield>
  <datafield tag="500" ind1=" " ind2=" ">
    <subfield code="a">Papel con marca de agua</subfield>
  </datafield>
  <datafield tag="500" ind1=" " ind2=" ">
    <subfield code="a">Al m&#xE1;rgen: SELLOS ESPA&#xD1;OLES PHI LIPVS V. DOM A&#xD1;OS 1739-1740</subfield>
  </datafield>
  <datafield tag="500" ind1=" " ind2=" ">
    <subfield code="a">Estado de conservaci&#xF3;n: contiene acidificaci&#xF3;n, m&#xE1;rgenes maltratados, roturas y rastros de humedad</subfield>
  </datafield>
  <datafield tag="505" ind1="0" ind2=" ">
    <subfield code="a">Contenido: CARGO de la cuenta que presente hasta fin de diciembre de 1739, de distintas cantidades que han entregado an mi poder, de lo cobrado de arrendamientos en este a&#xF1;o cumplido en fin de diciembre de 1740, renta de las casas y tiendas de la Monterilla, Calle de San Bernardo y Callejuela en este a&#xF1;o 1740, de lo cobrado de Mercedes de Agua. -- CARGO, Don Francisco Garay, acopoderado de los tratantes de Ganado de Zerda, pag&#xF3; </subfield>
    <subfield code="6">0 pesos para ayuda de los costos que tiene esta ciudad en la posesi&#xF3;n del Santo Entierro que sale el Viernes Santo del Real Convento de Santo Domingo. -- CARGO de </subfield>
    <subfield code="1">,800 pesos cobrados de las cuatro tablas que se repartieron en el Rastro Viejo de San Antonio Abad. -- CARGO de </subfield>
    <subfield code="1">,500 pesos pagados por el Lic. Erizar, abogado de esta Real Audiencia y Obligado del Abasto de carnes de esta ciudad por el arrendamiento de la carnicer&#xED;a mayor de la Callejuela de San Bernardo de un a&#xF1;o adelantado, que cumplir&#xE1; la Pascua de la Resurreci&#xF3;n del pr&#xF3;ximo a&#xF1;o venidero. -- CARGO, Don Gregorio Prendes debe pagar </subfield>
    <subfield code="8">50 pesos por el arrendamiento del Oficio del Fiel Contraste de Varas y Medidas de esta ciudad de un a&#xF1;o cumplido al fin de este de la fecha que aunque no lo ha pagado por entero, me hago cargo de ellos. -- CARGO de </subfield>
    <subfield code="6">00 pesos por cuenta de arrendamiento de 6 varas de campo a cuenta del importe total de </subfield>
    <subfield code="1">,840. Resumen general del CARGO. -- DATA de lo pagado de salarios a los se&#xF1;ores Jueces, Superintendentes, Corregidor, Regidores y Ministros de esta novelis&#xED;ma ciudad, de lo gastado en fiestas de este a&#xF1;o. -- CARGO de lo que han producido las asesorias del Rastro Viejo de San Antonio Abad, cargo de </subfield>
    <subfield code="7">2 que pag&#xF3; Don Alfonso Ad&#xE1;n por arrendamiento de las dos casas que est&#xE1;n en la Plazuela de Mortillo. CARGO de lo cabrado de r&#xE9;ditos de censos en &#xE9;ste a&#xF1;o 1740, de lo gastado en propinas, de lo gastado en ca&#xF1;er&#xED;as, de lo entregado para pleitos, de lo gastos ordinarios y extraordinarios, de lo entregado para el recibimiento y entrada p&#xFA;blica del excelent&#xED;simo Duque de la Conquista, VI Rey de esta Nueva Espa&#xF1;a (M&#xE1;rquez de Villahermosa)</subfield>
  </datafield>
  <datafield tag="506" ind1="0" ind2=" ">
    <subfield code="a">Fondo reservado: para su consulta es necesario credencial de usuario y carta de motivos</subfield>
  </datafield>
  <datafield tag="546" ind1=" " ind2=" ">
    <subfield code="a">Texto en: espa&#xF1;ol de mediados del siglo XVIII</subfield>
  </datafield>
  <datafield tag="600" ind1="1" ind2="4">
    <subfield code="a">Mata, Phelipe Antonio de</subfield>
    <subfield code="c">Tesorero</subfield>
    <subfield code="9">13305</subfield>
  </datafield>
  <datafield tag="650" ind1="1" ind2="4">
    <subfield code="a">Documentos legales</subfield>
    <subfield code="v">Manuscrito</subfield>
    <subfield code="x">Historia</subfield>
    <subfield code="y">Colonia, 1521-1821</subfield>
    <subfield code="z">M&#xE9;xico</subfield>
    <subfield code="9">13306</subfield>
  </datafield>
  <datafield tag="902" ind1=" " ind2=" ">
    <subfield code="a">FDH</subfield>
  </datafield>
  <datafield tag="942" ind1=" " ind2=" ">
    <subfield code="2">lcc</subfield>
    <subfield code="c">D</subfield>
  </datafield>
  <datafield tag="999" ind1=" " ind2=" ">
    <subfield code="c">4890</subfield>
    <subfield code="d">4890</subfield>
  </datafield>
  <datafield tag="952" ind1=" " ind2=" ">
    <subfield code="0">0</subfield>
    <subfield code="1">0</subfield>
    <subfield code="4">0</subfield>
    <subfield code="7">0</subfield>
    <subfield code="a">BRCA</subfield>
    <subfield code="b">BRCA</subfield>
    <subfield code="d">2010-11-25</subfield>
    <subfield code="l">0</subfield>
    <subfield code="o">DOC127 .M38 1740</subfield>
    <subfield code="p">5631</subfield>
    <subfield code="r">2019-03-22 00:00:00</subfield>
    <subfield code="w">2019-03-22</subfield>
    <subfield code="y">D</subfield>
  </datafield>
</record>
